header

Evaluating citizen oversight of police (Record no. 26845)

MARC details
000 -LEADER
fixed length control field 01389nam a2200349 a 4500
082 04 - DEWEY DECIMAL CLASSIFICATION NUMBER
Classification number 363.2068/4
100 1# - MAIN ENTRY--AUTHOR NAME
Personal name Buren, Brenda A.,
245 10 - TITLE STATEMENT
Title Evaluating citizen oversight of police
260 ## - PUBLICATION, DISTRIBUTION, ETC. (IMPRINT)
Place of publication New York :
Name of publisher LFB Scholarly Pub. LLC,
Year of publication 2007.
300 ## - PHYSICAL DESCRIPTION
Number of Pages vii, 229 p.
490 1# - SERIES STATEMENT
Series statement Criminal justice
650 #0 - SUBJECT ADDED ENTRY--TOPICAL TERM
Topical Term Police administration
Topical Term Police
856 40 - ELECTRONIC LOCATION AND ACCESS
Uniform Resource Identifier http://site.ebrary.com/lib/rucke/Doc?id=10225133

No items available.

© 2026 Rongo University
Contact us: librarian | system librarian | Rongo university